| 000 | 00699nam a2200229 a 4500 | ||
|---|---|---|---|
| 999 |
_c2905 _d2905 |
||
| 001 | 2905 | ||
| 003 | BD-JhCC | ||
| 005 | 20171108094553.0 | ||
| 008 | 171108s1962 bg |||| ||a| 000 0 ben d | ||
| 035 | _a(BD-JhCC)2905 | ||
| 040 |
_aBD-JhCC _dBD-JhCC |
||
| 041 | _aben | ||
| 082 |
_a891.443 _bSOL 1962 |
||
| 100 | _aসোলোভিয়েভ, মিখাইল | ||
| 245 |
_aতিমির রাত্রি / _cমিখাইল সোলোভিয়েভ, |
||
| 260 |
_aঢাকা : _bএম. এম. আলী, _c1962 |
||
| 300 |
_a177 p. : _c22 cm. |
||
| 650 | _aBengali Novel | ||
| 700 | _aরহমান, ফজলুর (অনু) | ||
| 942 |
_2ddc _cBK |
||